Workplace health and safety (Record no. 117046)

MARC details
000 -LEADER
fixed length control field 01073cam a2200193 4500
001 - CONTROL NUMBER
control field WB4008-06
008 - FIXED-LENGTH DATA ELEMENTS--GENERAL INFORMATION
fixed length control field 040224n2004 000 0 eng u
035 ## - SYSTEM CONTROL NUMBER
System control number (Sirsi) u125218
245 ## - TITLE STATEMENT
Title Workplace health and safety
260 ## - PUBLICATION, DISTRIBUTION, ETC.
Date of publication, distribution, etc. 2004
490 ## - SERIES STATEMENT
Series statement Health and Safety Executive Press Release
Volume/sequential designation (C007:04) 23 February 2004 (3)
520 ## - SUMMARY, ETC.
Summary, etc. A new strategy to improve standards is launched by the Department of Work and Pensions and the Health and Safety Commission (HSC) which plans to improve future standards of workplace health and safety. The plans set out a new role for HSC, the Health and Safety Executive (HSE) and local authorities. The HSC strategy includes, focusing resources on poor performance to get results and promoting greater involvement of workers to make workplaces safer. For the HSE press release: http://www.hse.gov.uk/press/2004/c04007.htm
590 ## - LOCAL NOTE (RLIN)
Local note WB
590 ## - LOCAL NOTE (RLIN)
Local note WB
650 ## - SUBJECT ADDED ENTRY--TOPICAL TERM
Topical term or geographic name entry element WORKPLACE (HEALTH SAFETY AND WELFARE) REGULATIONS 1992
650 ## - SUBJECT ADDED ENTRY--TOPICAL TERM
Topical term or geographic name entry element OCCUPATIONAL HEALTH AND SAFETY
690 ## - LOCAL SUBJECT ADDED ENTRY--TOPICAL TERM (OCLC, RLIN)
Topical term or geographic name as entry element HEALTH AND SAFETY
9 (RLIN) 6244
942 ## - ADDED ENTRY ELEMENTS (KOHA)
Suppress in OPAC 0
Holdings
Withdrawn status Lost status Source of classification or shelving scheme Damaged status Not for loan Home library Current library Shelving location Date acquired Total Checkouts Full call number Barcode Date last seen Copy number Price effective from Koha item type
    Dewey Decimal Classification     London London News article 24/02/2004   WB4008-06 125218-1001 06/08/2019 1 06/08/2019 News article